La bolsa del rey: rey, reino y fisco en Castilla, 1598-1648

Saved in:
Bibliografiske detaljer
Hovedforfatter: Gelabert, Juan E (Author)
Format: Bog
Sprog:spansk
Udgivet: Barcelona Crítica 1997
Serier:Crítica - Historia del Mundo Moderno
Fag:
Tags: Tilføj Tag
Ingen Tags, Vær først til at tagge denne postø!

MARC

LEADER 00000nam a2200000 a 4500
001 UCM0447
003 CL-VaPUC
008 020301e19970000SP |||||||||||||||||spa|d
082 0 4 |a 352.4  |b GEL  |2 21 
100 0 |a Gelabert, Juan E  |e author  |9 467233 
245 1 3 |a La bolsa del rey: rey, reino y fisco en Castilla, 1598-1648 
300 |a 422 p 
942 |c BK 
945 |d 20020301 00:00:00  |a cmena 
260 |a Barcelona  |b Crítica  |c 1997 
650 0 |a Hacienda pública  |9 258673 
650 0 |a Administración financiera  |9 261146 
650 0 |a Fiscalización  |9 257403 
651 7 |a CASTILLA  |2 CL-VaPUC  |9 318548 
651 0 |a España  |9 254926 
583 |a last modification  |c 20170511 10:28:36  |k Rodrigo Vera 
490 0 |a Crítica - Historia del Mundo Moderno 
999 |c 299353  |d 299351 
952 |0 0  |1 0  |4 0  |6 352_400000000000000_GEL_1997  |7 0  |8 A  |9 355838  |a BIBHIS  |b BIBHIS  |d 2019-11-21  |i 3793680  |o 352.4 GEL 1997  |p 3793680  |r 2025-01-20  |w 2019-11-21  |y BK  |k HIS